[Event "Stay Safe Play From Home 277"]
[Site "Emanuel Lasker Arena"]
[Date "2020.07.05"]
[Round "4"]
[White "Lazieri3"]
[Black "The Next Contender"]
[Result "1-0"]
[WhiteElo "2048"]
[BlackElo "2007"]
[PlyCount "147"]
[EventDate "2020.07.05"]
[EventType "swiss (blitz)"]

1. e3 {[%emt 0:00:01]} c5 {[%emt 0:00:01]} 2. d4 {[%emt 0:00:00]} cxd4 {[%emt 0:00:02]} 3. exd4 {[%emt 0:00:00]} d6 {[%emt 0:00:00]} 4. Nf3 {[%emt 0:00:00]} Nf6 {[%emt 0:00:00]} 5. Bf4 {[%emt 0:00:01]} e6 {[%emt 0:00:01]} 6. c3 {[%emt 0:00:00]} Be7 {[%emt 0:00:00]} 7. Bd3 {[%emt 0:00:01]} O-O {[%emt 0:00:00]} 8. O-O {[%emt 0:00:00]} h6 {[%emt 0:00:00]} 9. h3 {[%emt 0:00:00]} a6 {[%emt 0:00:00]} 10. Re1 {[%emt 0:00:00]} b5 {[%emt 0:00:00]} 11. Nbd2 {[%emt 0:00:00]} Bb7 {[%emt 0:00:01]} 12. Ne4 {[%emt 0:00:01]} Nbd7 {[%emt 0:00:00]} 13. Nxf6+ {[%emt 0:00:01]} Nxf6 {[%emt 0:00:00]} 14. Qe2 {[%emt 0:00:01]} Re8 {[%emt 0:00:01]} 15. Nd2 {[%emt 0:00:01]} Rc8 {[%emt 0:00:01]} 16. Ne4 {[%emt 0:00:01]} Nxe4 {[%emt 0:00:02]} 17. Bxe4 {[%emt 0:00:00]} Bxe4 {[%emt 0:00:01]} 18. Qxe4 {[%emt 0:00:00]} d5 {[%emt 0:00:03]} 19. Qf3 {[%emt 0:00:01]} Bd6 {[%emt 0:00:03]} 20. Bxd6 {[%emt 0:00:02]} Qxd6 {[%emt 0:00:00]} 21. a3 {[%emt 0:00:00]} Qc7 {[%emt 0:00:02]} 22. Qe3 {[%emt 0:00:01]} Qc4 {[%emt 0:00:01]} 23. Qe2 {[%emt 0:00:01]} Qb3 {[%emt 0:00:02]} 24. Rad1 {[%emt 0:00:03]} Qa4 {[%emt 0:00:01]} 25. Rd3 {[%emt 0:00:01]} Qc4 {[%emt 0:00:01]} 26. Rg3 {[%emt 0:00:01]} Qxe2 {[%emt 0:00:01]} 27. Rxe2 {[%emt 0:00:00]} Red8 {[%emt 0:00:00]} 28. Rge3 {[%emt 0:00:02]} Rd6 {[%emt 0:00:00]} 29. f4 {[%emt 0:00:01]} g6 {[%emt 0:00:01]} 30. Re5 {[%emt 0:00:02]} h5 {[%emt 0:00:01]} 31. g4 {[%emt 0:00:01]} hxg4 {[%emt 0:00:01]} 32. hxg4 {[%emt 0:00:00]} a5 {[%emt 0:00:00]} 33. f5 {[%emt 0:00:01]} exf5 {[%emt 0:00:03]} 34. gxf5 {[%emt 0:00:00]} b4 {[%emt 0:00:02]} 35. axb4 {[%emt 0:00:01]} axb4 {[%emt 0:00:00]} 36. fxg6 {[%emt 0:00:01]} Rxg6+ {[%emt 0:00:01]} 37. Kf2 {[%emt 0:00:01]} bxc3 {[%emt 0:00:01]} 38. Re8+ {[%emt 0:00:01]} Rxe8 {[%emt 0:00:01]} 39. Rxe8+ {[%emt 0:00:00]} Kg7 {[%emt 0:00:00]} 40. bxc3 {[%emt 0:00:01]} Rc6 {[%emt 0:00:00]} 41. Re3 {[%emt 0:00:03]} f5 {[%emt 0:00:00]} 42. Kf3 {[%emt 0:00:02]} Kf6 {[%emt 0:00:00]} 43. Kf4 {[%emt 0:00:01]} Rc8 {[%emt 0:00:01]} 44. Rh3 {[%emt 0:00:01]} Kg6 {[%emt 0:00:03]} 45. Rg3+ {[%emt 0:00:02]} Kf6 {[%emt 0:00:01]} 46. Rg5 {[%emt 0:00:00]} Rxc3 {[%emt 0:00:02]} 47. Rxf5+ {[%emt 0:00:00]} Ke6 {[%emt 0:00:00]} 48. Rh5 {[%emt 0:00:03]} Rd3 {[%emt 0:00:02]} 49. Rh6+ {[%emt 0:00:01]} Kd7 {[%emt 0:00:01]} 50. Ke5 {[%emt 0:00:00]} Rg3 {[%emt 0:00:02]} 51. Kxd5 {[%emt 0:00:01]} Rg5+ {[%emt 0:00:00]} 52. Kc4 {[%emt 0:00:00]} Kc7 {[%emt 0:00:00]} 53. Rf6 {[%emt 0:00:02]} Kd7 {[%emt 0:00:00]} 54. Ra6 {[%emt 0:00:00]} Rh5 {[%emt 0:00:00]} 55. d5 {[%emt 0:00:02]} Rh1 {[%emt 0:00:02]} 56. Ra3 {[%emt 0:00:03]} Rc1+ {[%emt 0:00:00]} 57. Rc3 {[%emt 0:00:00]} Ra1 {[%emt 0:00:01]} 58. Kd4 {[%emt 0:00:01]} Re1 {[%emt 0:00:01]} 59. Kc5 {[%emt 0:00:00]} Rd1 {[%emt 0:00:00]} 60. Rc4 {[%emt 0:00:01]} Ra1 {[%emt 0:00:00]} 61. Rh4 {[%emt 0:00:00]} Ra5+ {[%emt 0:00:00]} 62. Kb6 {[%emt 0:00:01]} Ra6+ {[%emt 0:00:00]} 63. Kxa6 {[%emt 0:00:02]} Kd6 {[%emt 0:00:00]} 64. Rh5 {[%emt 0:00:00]} Kc5 {[%emt 0:00:01]} 65. Kb7 {[%emt 0:00:00]} Kd6 {[%emt 0:00:00]} 66. Kb6 {[%emt 0:00:00]} Kd7 {[%emt 0:00:01]} 67. Kc5 {[%emt 0:00:00]} Ke7 {[%emt 0:00:00]} 68. Rh7+ {[%emt 0:00:00]} Kf8 {[%emt 0:00:01]} 69. d6 {[%emt 0:00:00]} Kg8 {[%emt 0:00:00]} 70. Re7 {[%emt 0:00:00]} Kf8 {[%emt 0:00:00]} 71. Kd5 {[%emt 0:00:00]} Kg8 {[%emt 0:00:01]} 72. Ke6 {[%emt 0:00:00]} Kf8 {[%emt 0:00:00]} 73. d7 {[%emt 0:00:00]} Kg8 {[%emt 0:00:00]} 74. d8=Q# {[%emt 0:00:00] (Lag: Av=0.81s, max=1.4s)} 1-0

[Event "Stay Safe Play From Home 277"]
[Site "Emanuel Lasker Arena"]
[Date "2020.07.05"]
[Round "4"]
[White "Haris kollari 13"]
[Black "NeatFox"]
[Result "1/2-1/2"]
[WhiteElo "1794"]
[BlackElo "1984"]
[Annotator "NA"]
[PlyCount "104"]
[EventDate "2020.07.05"]
[EventType "swiss (blitz)"]

1. e4 {[%emt 0:00:01]} c6 {[%emt 0:00:01]} 2. f4 {[%emt 0:00:01]} d5 {[%emt 0:00:00]} 3. e5 {[%emt 0:00:00]} e6 {[%emt 0:00:01]} 4. d4 {[%emt 0:00:00]} c5 {[%emt 0:00:00]} 5. c3 {[%emt 0:00:03]} cxd4 {[%emt 0:00:00]} 6. cxd4 {[%emt 0:00:01]} Nc6 {[%emt 0:00:00]} 7. Nc3 {[%emt 0:00:01]} Qb6 {[%emt 0:00:00]} 8. Nf3 {[%emt 0:00:01]} Bd7 {[%emt 0:00:01]} 9. Be2 {[%emt 0:00:01]} Bb4 {[%emt 0:00:01]} 10. a3 {[%emt 0:00:01]} Bxc3+ {[%emt 0:00:00]} 11. bxc3 {[%emt 0:00:01]} Nge7 {[%emt 0:00:00]} 12. O-O {[%emt 0:00:01]} Nf5 {[%emt 0:00:00]} 13. g4 {[%emt 0:00:02]} Nfe7 {[%emt 0:00:02]} 14. h3 {[%emt 0:00:01]} O-O {[%emt 0:00:00]} 15. Kg2 {[%emt 0:00:01]} f6 {[%emt 0:00:00]} 16. Bd2 {[%emt 0:00:03]} fxe5 {[%emt 0:00:00]} 17. fxe5 {[%emt 0:00:01]} Ng6 {[%emt 0:00:13]} 18. Bd3 {[%emt 0:00:01]} Nf4+ {[%emt 0:00:01]} 19. Bxf4 {[%emt 0:00:01]} Rxf4 {[%emt 0:00:01]} 20. Qd2 {[%emt 0:00:01]} Raf8 {[%emt 0:00:01]} 21. Ng5 {[%emt 0:00:03]} Rxf1 {[%emt 0:00:01]} 22. Rxf1 {[%emt 0:00:01]} Rxf1 {[%emt 0:00:01]} 23. Bxh7+ {[%emt 0:00:01]} Kh8 {[%emt 0:00:01]} 24. Kxf1 {[%emt 0:00:00]} Ne7 {[%emt 0:00:01]} 25. Bd3 {[%emt 0:00:02]} Bb5 {[%emt 0:00:02]} 26. Kg2 {[%emt 0:00:04]} Bxd3 {[%emt 0:00:01]} 27. Qxd3 {[%emt 0:00:01]} Kg8 {[%emt 0:00:01]} 28. Qh7+ {[%emt 0:00:02]} Kf8 {[%emt 0:00:00]} 29. Qh8+ {[%emt 0:00:01]} Ng8 {[%emt 0:00:01]} 30. Qh7 {[%emt 0:00:03]} Qb2+ {[%emt 0:00:02]} 31. Kg3 {[%emt 0:00:02]} Qxc3+ {[%emt 0:00:01]} 32. Nf3 {[%emt 0:00:00]} Kf7 {[%emt 0:00:03]} 33. Qh5+ {[%emt 0:00:01]} Ke7 {[%emt 0:00:01]} 34. Qg6 {[%emt 0:00:01]} Kd7 {[%emt 0:00:01]} 35. Qxg7+ {[%emt 0:00:01]} Kc6 {[%emt 0:00:00]} 36. Qxg8 {[%emt 0:00:01]} Kb5 {[%emt 0:00:02]} 37. Qxe6 {[%emt 0:00:01]} b6 {[%emt 0:00:00]} 38. Qxd5+ {[%emt 0:00:01]} Ka6 {[%emt 0:00:00]} 39. e6 {[%emt 0:00:00]} Qxa3 {[%emt 0:00:01]} 40. Qd7 {[%emt 0:00:02]} Qb4 {[%emt 0:00:02]} 41. e7 {[%emt 0:00:01]} Qxe7 {[%emt 0:00:01]} 42. Qxe7 {[%emt 0:00:01]} Kb5 {[%emt 0:00:00]} 43. Qb7 {[%emt 0:00:01]} a5 {[%emt 0:00:00]} 44. Qd5+ {[%emt 0:00:01]} Ka6 {[%emt 0:00:01]} 45. Qc6 {[%emt 0:00:01]} a4 {[%emt 0:00:00]} 46. Qxa4+ {[%emt 0:00:01]} Kb7 {[%emt 0:00:01]} 47. Qb5 {[%emt 0:00:00]} Kc7 {[%emt 0:00:01]} 48. Qxb6+ {[%emt 0:00:00]} Kxb6 {[%emt 0:00:00]} 49. g5 {[%emt 0:00:02]} Kc7 {[%emt 0:00:00]} 50. g6 {[%emt 0:00:00]} Kd6 {[%emt 0:00:00]} 51. g7 {[%emt 0:00:00]} Ke7 {[%emt 0:00:00]} 52. g8=Q {[%emt 0:00:00]} Kf6 {[%emt 0:00:00] Time (Lag: Av=0.44s, max=1.0s)} 1/2-1/2

[Event "Stay Safe Play From Home 277"]
[Site "Emanuel Lasker Arena"]
[Date "2020.07.05"]
[Round "5"]
[White "Broken sword"]
[Black "Lnram"]
[Result "0-1"]
[WhiteElo "2500"]
[BlackElo "2444"]
[PlyCount "118"]
[EventDate "2020.07.05"]
[EventType "swiss (blitz)"]

1. d4 {[%emt 0:00:00]} d5 {[%emt 0:00:01]} 2. Nf3 {[%emt 0:00:00]} Nf6 {[%emt 0:00:01]} 3. c4 {[%emt 0:00:00]} e6 {[%emt 0:00:01]} 4. cxd5 {[%emt 0:00:00]} exd5 {[%emt 0:00:01]} 5. Nc3 {[%emt 0:00:00]} Bd6 {[%emt 0:00:01]} 6. Bg5 {[%emt 0:00:00]} c6 {[%emt 0:00:02]} 7. e3 {[%emt 0:00:01]} O-O {[%emt 0:00:01]} 8. Bd3 {[%emt 0:00:00]} Be7 {[%emt 0:00:01]} 9. Qc2 {[%emt 0:00:01]} h6 {[%emt 0:00:01]} 10. Bf4 {[%emt 0:00:01]} Bd6 {[%emt 0:00:01]} 11. Bg3 {[%emt 0:00:01]} Na6 {[%emt 0:00:01]} 12. a3 {[%emt 0:00:01]} Nc7 {[%emt 0:00:01]} 13. Ne5 {[%emt 0:00:00]} Be6 {[%emt 0:00:02]} 14. O-O {[%emt 0:00:01]} Nd7 {[%emt 0:00:01]} 15. Nxc6 {[%emt 0:00:03]} bxc6 {[%emt 0:00:03]} 16. Bxd6 {[%emt 0:00:00]} Nf6 {[%emt 0:00:01]} 17. Bg3 {[%emt 0:00:01]} Rb8 {[%emt 0:00:01]} 18. Na4 {[%emt 0:00:01]} Bd7 {[%emt 0:00:03]} 19. Nc5 {[%emt 0:00:01]} Rc8 {[%emt 0:00:01]} 20. Rac1 {[%emt 0:00:01]} Ne6 {[%emt 0:00:01]} 21. Ba6 {[%emt 0:00:01]} Nxc5 {[%emt 0:00:04]} 22. Bxc8 {[%emt 0:00:01]} Nce4 {[%emt 0:00:00]} 23. Bxd7 {[%emt 0:00:01]} Qxd7 {[%emt 0:00:00]} 24. Qxc6 {[%emt 0:00:01]} Qg4 {[%emt 0:00:01]} 25. Qc7 {[%emt 0:00:03]} Qg6 {[%emt 0:00:02]} 26. Qf4 {[%emt 0:00:01]} Nh5 {[%emt 0:00:02]} 27. Qf3 {[%emt 0:00:01]} f5 {[%emt 0:00:02]} 28. Be5 {[%emt 0:00:02]} Nhf6 {[%emt 0:00:01]} 29. Rfd1 {[%emt 0:00:01]} Ng5 {[%emt 0:00:02]} 30. Qg3 {[%emt 0:00:01]} Nfe4 {[%emt 0:00:01]} 31. Rc7 {[%emt 0:00:14]} Nxg3 {[%emt 0:00:03]} 32. Rxg7+ {[%emt 0:00:01]} Qxg7 {[%emt 0:00:00]} 33. Bxg7 {[%emt 0:00:00]} Kxg7 {[%emt 0:00:00]} 34. hxg3 {[%emt 0:00:01]} Rc8 {[%emt 0:00:00]} 35. f3 {[%emt 0:00:03]} Rc2 {[%emt 0:00:01]} 36. Rb1 {[%emt 0:00:01]} h5 {[%emt 0:00:02]} 37. b4 {[%emt 0:00:01]} Rc3 {[%emt 0:00:00]} 38. Kf2 {[%emt 0:00:01]} Rxa3 {[%emt 0:00:01]} 39. b5 {[%emt 0:00:00]} Ra2+ {[%emt 0:00:00]} 40. Kg1 {[%emt 0:00:01]} Ne6 {[%emt 0:00:02]} 41. b6 {[%emt 0:00:01]} axb6 {[%emt 0:00:00]} 42. Rxb6 {[%emt 0:00:00]} Kf6 {[%emt 0:00:00]} 43. Rb5 {[%emt 0:00:01]} Re2 {[%emt 0:00:00]} 44. Rxd5 {[%emt 0:00:02]} Rxe3 {[%emt 0:00:00]} 45. Kf2 {[%emt 0:00:00]} Rd3 {[%emt 0:00:00]} 46. Rd7 {[%emt 0:00:01]} Rxd4 {[%emt 0:00:01]} 47. Rh7 {[%emt 0:00:00]} Kg6 {[%emt 0:00:01]} 48. Rh8 {[%emt 0:00:00]} Rd2+ {[%emt 0:00:01]} 49. Kg1 {[%emt 0:00:01]} Rd1+ {[%emt 0:00:00]} 50. Kh2 {[%emt 0:00:01]} Re1 {[%emt 0:00:00]} 51. Rg8+ {[%emt 0:00:00]} Ng7 {[%emt 0:00:00]} 52. Rf8 {[%emt 0:00:01]} Re8 {[%emt 0:00:00]} 53. Rxe8 {[%emt 0:00:01]} Nxe8 {[%emt 0:00:00]} 54. Kh3 {[%emt 0:00:00]} Nf6 {[%emt 0:00:00]} 55. Kh4 {[%emt 0:00:00]} Kh6 {[%emt 0:00:01]} 56. Kh3 {[%emt 0:00:01]} Kg5 {[%emt 0:00:00]} 57. Kh2 {[%emt 0:00:00]} f4 {[%emt 0:00:01]} 58. gxf4+ {[%emt 0:00:00]} Kxf4 {[%emt 0:00:00]} 59. Kh3 {[%emt 0:00:00]} Kg5 {[%emt 0:00:01] Time (Lag: Av=0.73s, max=2.1s)} 0-1

[Event "Stay Safe Play From Home 277"]
[Site "Emanuel Lasker Arena"]
[Date "2020.07.05"]
[Round "5"]
[White "BrainThinker22"]
[Black "Mepe_Nika"]
[Result "0-1"]
[WhiteElo "2408"]
[BlackElo "2312"]
[Annotator "NA"]
[PlyCount "136"]
[EventDate "2020.07.05"]
[EventType "swiss (blitz)"]

1. e4 {[%emt 0:00:01]} e5 {[%emt 0:00:00]} 2. Nf3 {[%emt 0:00:01]} Nc6 {[%emt 0:00:00]} 3. d4 {[%emt 0:00:00]} exd4 {[%emt 0:00:00]} 4. Bc4 {[%emt 0:00:00]} Nf6 {[%emt 0:00:00]} 5. e5 {[%emt 0:00:00]} Ne4 {[%emt 0:00:00]} 6. O-O {[%emt 0:00:00]} Be7 {[%emt 0:00:01]} 7. Re1 {[%emt 0:00:00]} Nc5 {[%emt 0:00:01]} 8. c3 {[%emt 0:00:00] BrainThinker22 offers a draw} d3 {[%emt 0:00:01]} 9. b4 {[%emt 0:00:02]} Ne6 {[%emt 0:00:01]} 10. Qxd3 {[%emt 0:00:01]} O-O {[%emt 0:00:00]} 11. Na3 {[%emt 0:00:01]} a6 {[%emt 0:00:01]} 12. Be3 {[%emt 0:00:01]} b5 {[%emt 0:00:01]} 13. Bb3 {[%emt 0:00:00]} Bb7 {[%emt 0:00:01]} 14. Nc2 {[%emt 0:00:01]} d6 {[%emt 0:00:02]} 15. exd6 {[%emt 0:00:01]} Bxd6 {[%emt 0:00:00]} 16. Rad1 {[%emt 0:00:01]} Qf6 {[%emt 0:00:02]} 17. Bxe6 {[%emt 0:00:02]} Qxe6 {[%emt 0:00:02]} 18. Ng5 {[%emt 0:00:01]} Qh6 {[%emt 0:00:02]} 19. Nf3 {[%emt 0:00:07]} Qh5 {[%emt 0:00:03]} 20. Qd5 {[%emt 0:00:03]} Qxd5 {[%emt 0:00:02]} 21. Rxd5 {[%emt 0:00:00]} Rad8 {[%emt 0:00:01]} 22. Rdd1 {[%emt 0:00:02]} Ne5 {[%emt 0:00:02]} 23. Nxe5 {[%emt 0:00:01]} Bxe5 {[%emt 0:00:00]} 24. Bd4 {[%emt 0:00:00]} Bd6 {[%emt 0:00:02]} 25. Ne3 {[%emt 0:00:01]} Rfe8 {[%emt 0:00:01]} 26. Nf5 {[%emt 0:00:01]} Bf8 {[%emt 0:00:01]} 27. f3 {[%emt 0:00:03]} g6 {[%emt 0:00:00]} 28. Ng3 {[%emt 0:00:03]} Bd5 {[%emt 0:00:01]} 29. a3 {[%emt 0:00:01]} Bb3 {[%emt 0:00:01]} 30. Rc1 {[%emt 0:00:01]} Bc4 {[%emt 0:00:01]} 31. Kf2 {[%emt 0:00:01]} Bg7 {[%emt 0:00:00]} 32. Rxe8+ {[%emt 0:00:01]} Rxe8 {[%emt 0:00:01]} 33. Bxg7 {[%emt 0:00:00]} Kxg7 {[%emt 0:00:00]} 34. Re1 {[%emt 0:00:00]} Rxe1 {[%emt 0:00:01]} 35. Kxe1 {[%emt 0:00:00]} Kf6 {[%emt 0:00:01]} 36. Kd2 {[%emt 0:00:00]} Ke5 {[%emt 0:00:01]} 37. Ke3 {[%emt 0:00:00]} Bd5 {[%emt 0:00:01]} 38. f4+ {[%emt 0:00:01]} Kd6 {[%emt 0:00:01]} 39. Kd4 {[%emt 0:00:02]} c6 {[%emt 0:00:02]} 40. Ne2 {[%emt 0:00:02]} Bxg2 {[%emt 0:00:01]} 41. Nc1 {[%emt 0:00:00]} Bf1 {[%emt 0:00:01]} 42. Nb3 {[%emt 0:00:01]} Bg2 {[%emt 0:00:03]} 43. Nc5 {[%emt 0:00:00]} Bd5 {[%emt 0:00:02]} 44. Nxa6 {[%emt 0:00:01]} Ke6 {[%emt 0:00:00]} 45. Nc5+ {[%emt 0:00:01]} Kf5 {[%emt 0:00:01]} 46. Ke3 {[%emt 0:00:00]} f6 {[%emt 0:00:01]} 47. Nd7 {[%emt 0:00:01]} g5 {[%emt 0:00:01]} 48. fxg5 {[%emt 0:00:01]} fxg5 {[%emt 0:00:00]} 49. Kf2 {[%emt 0:00:00]} h5 {[%emt 0:00:01]} 50. Nc5 {[%emt 0:00:00]} Ke5 {[%emt 0:00:01]} 51. a4 {[%emt 0:00:00]} bxa4 {[%emt 0:00:01]} 52. Nxa4 {[%emt 0:00:00]} Ke4 {[%emt 0:00:00]} 53. Nc5+ {[%emt 0:00:00]} Kf4 {[%emt 0:00:01]} 54. Kg1 {[%emt 0:00:01]} g4 {[%emt 0:00:00]} 55. Nd7 {[%emt 0:00:01]} Ke3 {[%emt 0:00:01]} 56. Nf6 {[%emt 0:00:01]} Bf3 {[%emt 0:00:01]} 57. Nxh5 {[%emt 0:00:01]} Kd3 {[%emt 0:00:00]} 58. Ng3 {[%emt 0:00:00]} Kxc3 {[%emt 0:00:00]} 59. b5 {[%emt 0:00:00]} cxb5 {[%emt 0:00:01]} 60. Nf5 {[%emt 0:00:00]} b4 {[%emt 0:00:00]} 61. Ne3 {[%emt 0:00:00]} b3 {[%emt 0:00:00]} 62. Kf2 {[%emt 0:00:01]} b2 {[%emt 0:00:00]} 63. Kg3 {[%emt 0:00:00]} b1=Q {[%emt 0:00:01]} 64. Nf5 {[%emt 0:00:00]} Qd3 {[%emt 0:00:00]} 65. Kf4 {[%emt 0:00:00]} Qd6+ {[%emt 0:00:01]} 66. Kg5 {[%emt 0:00:00]} Qxh2 {[%emt 0:00:01]} 67. Nd6 {[%emt 0:00:01]} g3 {[%emt 0:00:00]} 68. Ne4+ {[%emt 0:00:00]} Kb2 {[%emt 0:00:00] Time (Lag: Av=0.63s, max=1.2s)} 0-1

[Event "Stay Safe Play From Home 277"]
[Site "Emanuel Lasker Arena"]
[Date "2020.07.05"]
[Round "5"]
[White "Indianquant"]
[Black "SoulofWolf"]
[Result "0-1"]
[WhiteElo "2292"]
[BlackElo "2187"]
[PlyCount "90"]
[EventDate "2020.07.05"]
[EventType "swiss (blitz)"]

1. Nf3 {[%emt 0:00:02]} c5 {[%emt 0:00:00]} 2. c4 {[%emt 0:00:01]} e6 {[%emt 0:00:00]} 3. Nc3 {[%emt 0:00:00]} Nc6 {[%emt 0:00:00]} 4. g3 {[%emt 0:00:01]} d5 {[%emt 0:00:01]} 5. cxd5 {[%emt 0:00:01]} exd5 {[%emt 0:00:00]} 6. d4 {[%emt 0:00:00]} Nf6 {[%emt 0:00:00]} 7. Bg2 {[%emt 0:00:01]} Bg4 {[%emt 0:00:02]} 8. O-O {[%emt 0:00:00]} Bd6 {[%emt 0:00:01]} 9. Bg5 {[%emt 0:00:02]} cxd4 {[%emt 0:00:01]} 10. Nxd4 {[%emt 0:00:01]} Nxd4 {[%emt 0:00:02]} 11. Qxd4 {[%emt 0:00:00]} Be6 {[%emt 0:00:02]} 12. Bxf6 {[%emt 0:00:01]} gxf6 {[%emt 0:00:00]} 13. Nxd5 {[%emt 0:00:01]} Be5 {[%emt 0:00:03]} 14. Qa4+ {[%emt 0:00:03]} Bd7 {[%emt 0:00:01]} 15. Qb3 {[%emt 0:00:03]} Bc6 {[%emt 0:00:02]} 16. Rfd1 {[%emt 0:00:01]} O-O {[%emt 0:00:03]} 17. f4 {[%emt 0:00:03]} Bb8 {[%emt 0:00:02]} 18. Qc3 {[%emt 0:00:01]} Kg7 {[%emt 0:00:02]} 19. e4 {[%emt 0:00:01]} a6 {[%emt 0:00:03]} 20. Rac1 {[%emt 0:00:02]} Ba7+ {[%emt 0:00:01]} 21. Kh1 {[%emt 0:00:00]} Rc8 {[%emt 0:00:00]} 22. Qf3 {[%emt 0:00:00]} Re8 {[%emt 0:00:03]} 23. Qg4+ {[%emt 0:00:01]} Kh8 {[%emt 0:00:00]} 24. e5 {[%emt 0:00:04]} Bxd5 {[%emt 0:00:03]} 25. Rxc8 {[%emt 0:00:03]} Bxg2+ {[%emt 0:00:02]} 26. Kxg2 {[%emt 0:00:01]} Qxc8 {[%emt 0:00:01]} 27. Qxc8 {[%emt 0:00:01]} Rxc8 {[%emt 0:00:00]} 28. Rd7 {[%emt 0:00:00]} fxe5 {[%emt 0:00:02]} 29. Rxb7 {[%emt 0:00:01]} Bd4 {[%emt 0:00:01]} 30. fxe5 {[%emt 0:00:02]} Kg8 {[%emt 0:00:03]} 31. e6 {[%emt 0:00:03]} fxe6 {[%emt 0:00:01]} 32. Kf3 {[%emt 0:00:01]} e5 {[%emt 0:00:01]} 33. Ke4 {[%emt 0:00:01]} Rc2 {[%emt 0:00:02]} 34. b3 {[%emt 0:00:00]} Rxa2 {[%emt 0:00:01]} 35. h4 {[%emt 0:00:02]} Rf2 {[%emt 0:00:01]} 36. Rb8+ {[%emt 0:00:02]} Rf8 {[%emt 0:00:01]} 37. Rb7 {[%emt 0:00:01]} a5 {[%emt 0:00:01]} 38. h5 {[%emt 0:00:02]} Ra8 {[%emt 0:00:02]} 39. g4 {[%emt 0:00:01]} Rf8 {[%emt 0:00:01]} 40. g5 {[%emt 0:00:01]} Rf4+ {[%emt 0:00:00]} 41. Kd5 {[%emt 0:00:00]} Rf8 {[%emt 0:00:00]} 42. Ke6 {[%emt 0:00:00]} Re8+ {[%emt 0:00:01]} 43. Kd5 {[%emt 0:00:01]} Rf8 {[%emt 0:00:00]} 44. Ke6 {[%emt 0:00:00]} Rc8 {[%emt 0:00:01]} 45. Rc7 {[%emt 0:00:01]} Rxc7 {[%emt 0:00:01] Indianquant resigns (Lag: Av=0.73s, max=1.4s)} 0-1

[Event "Stay Safe Play From Home 277"]
[Site "Emanuel Lasker Arena"]
[Date "2020.07.05"]
[Round "5"]
[White "Rogan"]
[Black "Little champs"]
[Result "1-0"]
[WhiteElo "2212"]
[BlackElo "2254"]
[PlyCount "83"]
[EventDate "2020.07.05"]
[EventType "swiss (blitz)"]

1. d4 {[%emt 0:00:03]} c6 {[%emt 0:00:00]} 2. c3 {[%emt 0:00:00]} d5 {[%emt 0:00:00]} 3. Bg5 {[%emt 0:00:01]} Nf6 {[%emt 0:00:00]} 4. e3 {[%emt 0:00:01]} Ne4 {[%emt 0:00:00]} 5. Bh4 {[%emt 0:00:01]} e6 {[%emt 0:00:00]} 6. Bxd8 {[%emt 0:00:02]} Kxd8 {[%emt 0:00:00]} 7. Nd2 {[%emt 0:00:01]} Nf6 {[%emt 0:00:00]} 8. f4 {[%emt 0:00:01]} Bd6 {[%emt 0:00:00]} 9. Ngf3 {[%emt 0:00:00]} Ke7 {[%emt 0:00:00]} 10. Ne5 {[%emt 0:00:00]} Rd8 {[%emt 0:00:00]} 11. Bd3 {[%emt 0:00:00]} Nbd7 {[%emt 0:00:01]} 12. Nxd7 {[%emt 0:00:01]} Bxd7 {[%emt 0:00:01]} 13. Nf3 {[%emt 0:00:00]} b6 {[%emt 0:00:01]} 14. O-O {[%emt 0:00:01]} c5 {[%emt 0:00:01]} 15. Ne5 {[%emt 0:00:01]} Be8 {[%emt 0:00:00]} 16. Ng4 {[%emt 0:00:03]} Rac8 {[%emt 0:00:00]} 17. Nxf6 {[%emt 0:00:01]} gxf6 {[%emt 0:00:01]} 18. f5 {[%emt 0:00:01]} e5 {[%emt 0:00:01]} 19. dxe5 {[%emt 0:00:03]} Bxe5 {[%emt 0:00:01]} 20. Qe2 {[%emt 0:00:02]} c4 {[%emt 0:00:02]} 21. Bc2 {[%emt 0:00:00]} Bc6 {[%emt 0:00:01]} 22. Rad1 {[%emt 0:00:01]} b5 {[%emt 0:00:01]} 23. Rd4 {[%emt 0:00:01]} Bxd4 {[%emt 0:00:02]} 24. exd4+ {[%emt 0:00:00]} Kd7 {[%emt 0:00:01]} 25. Re1 {[%emt 0:00:01]} Re8 {[%emt 0:00:01]} 26. Qf2 {[%emt 0:00:01]} Rxe1+ {[%emt 0:00:01]} 27. Qxe1 {[%emt 0:00:01]} Re8 {[%emt 0:00:00]} 28. Qf2 {[%emt 0:00:01]} Re7 {[%emt 0:00:02]} 29. Bd1 {[%emt 0:00:03]} a5 {[%emt 0:00:01]} 30. Bf3 {[%emt 0:00:01]} b4 {[%emt 0:00:03]} 31. h3 {[%emt 0:00:01]} bxc3 {[%emt 0:00:02]} 32. bxc3 {[%emt 0:00:00]} Kd6 {[%emt 0:00:00]} 33. Qb2 {[%emt 0:00:01]} Rb7 {[%emt 0:00:02]} 34. Qa3+ {[%emt 0:00:02]} Kd7 {[%emt 0:00:00]} 35. Qc5 {[%emt 0:00:01]} Rb5 {[%emt 0:00:01]} 36. Qa7+ {[%emt 0:00:01]} Kd6 {[%emt 0:00:00]} 37. Qxf7 {[%emt 0:00:01]} Rb1+ {[%emt 0:00:01]} 38. Kh2 {[%emt 0:00:01]} Rb2 {[%emt 0:00:01]} 39. Qxf6+ {[%emt 0:00:01]} Kc7 {[%emt 0:00:01]} 40. Qe7+ {[%emt 0:00:01]} Kb6 {[%emt 0:00:00]} 41. Qc5+ {[%emt 0:00:03]} Kb7 {[%emt 0:00:00]} 42. Bxd5 {[%emt 0:00:00] Little champs resigns (Lag: Av=0.69s, max=1.6s)} 1-0

[Event "Stay Safe Play From Home 277"]
[Site "Emanuel Lasker Arena"]
[Date "2020.07.05"]
[Round "5"]
[White "Lazieri3"]
[Black "gavi"]
[Result "1-0"]
[WhiteElo "2063"]
[BlackElo "2116"]
[PlyCount "67"]
[EventDate "2020.07.05"]
[EventType "swiss (blitz)"]

1. e4 {[%emt 0:00:01]} c5 {[%emt 0:00:02]} 2. Nc3 {[%emt 0:00:00]} d6 {[%emt 0:00:01]} 3. Nf3 {[%emt 0:00:00]} g6 {[%emt 0:00:00]} 4. d3 {[%emt 0:00:00]} Bg7 {[%emt 0:00:01]} 5. Be3 {[%emt 0:00:00]} e6 {[%emt 0:00:00]} 6. Qd2 {[%emt 0:00:00]} Ne7 {[%emt 0:00:00]} 7. Bh6 {[%emt 0:00:01]} O-O {[%emt 0:00:00]} 8. h4 {[%emt 0:00:01]} f6 {[%emt 0:00:01]} 9. Bxg7 {[%emt 0:00:01]} Kxg7 {[%emt 0:00:00]} 10. h5 {[%emt 0:00:00]} g5 {[%emt 0:00:03]} 11. h6+ {[%emt 0:00:00]} Kh8 {[%emt 0:00:02]} 12. Be2 {[%emt 0:00:01]} Rg8 {[%emt 0:00:01]} 13. d4 {[%emt 0:00:01]} cxd4 {[%emt 0:00:03]} 14. Nxd4 {[%emt 0:00:00]} Nbc6 {[%emt 0:00:00]} 15. Bg4 {[%emt 0:00:05]} f5 {[%emt 0:00:03]} 16. Nxc6 {[%emt 0:00:01]} bxc6 {[%emt 0:00:02]} 17. exf5 {[%emt 0:00:01]} e5 {[%emt 0:00:04]} 18. Ne4 {[%emt 0:00:10]} d5 {[%emt 0:00:03]} 19. Nf6 {[%emt 0:00:02]} Rf8 {[%emt 0:00:01]} 20. Qxg5 {[%emt 0:00:02]} Nxf5 {[%emt 0:00:01]} 21. Bxf5 {[%emt 0:00:01]} Qxf6 {[%emt 0:00:01]} 22. Qxf6+ {[%emt 0:00:03]} Rxf6 {[%emt 0:00:00]} 23. Bxc8 {[%emt 0:00:00]} Rxc8 {[%emt 0:00:01]} 24. f3 {[%emt 0:00:01]} Rg6 {[%emt 0:00:02]} 25. Kf2 {[%emt 0:00:02]} Rcg8 {[%emt 0:00:01]} 26. Rh2 {[%emt 0:00:01]} Rf6 {[%emt 0:00:03]} 27. Re1 {[%emt 0:00:01]} Rb8 {[%emt 0:00:00]} 28. Rxe5 {[%emt 0:00:02]} Rff8 {[%emt 0:00:01]} 29. b3 {[%emt 0:00:02]} Rfd8 {[%emt 0:00:01]} 30. Re7 {[%emt 0:00:01]} Rbc8 {[%emt 0:00:00]} 31. Rh5 {[%emt 0:00:01]} c5 {[%emt 0:00:00]} 32. Rhe5 {[%emt 0:00:01]} Kg8 {[%emt 0:00:02]} 33. Rg7+ {[%emt 0:00:01]} Kh8 {[%emt 0:00:02]} 34. Ree7 {[%emt 0:00:00] gavi resigns (Lag: Av=1.52s, max=16.5s)} 1-0